Fundamentals of instrumentation (EBOOK) (Record no. 217101)
[ view plain ]
| 000 -LEADER | |
|---|---|
| fixed length control field | 00699 a2200181 4500 |
| 003 - CONTROL NUMBER IDENTIFIER | |
| control field | Nust |
| 005 - DATE AND TIME OF LATEST TRANSACTION | |
| control field | 20170207171533.0 |
| 040 ## - CATALOGING SOURCE | |
| Transcribing agency | Nust |
| 082 ## - DEWEY DECIMAL CLASSIFICATION NUMBER | |
| Classification number | 621.382 |
| 100 ## - MAIN ENTRY--PERSONAL NAME | |
| Personal name | Bakshi, Uday A. |
| 245 ## - TITLE STATEMENT | |
| Title | Fundamentals of instrumentation (EBOOK) |
| Statement of responsibility, etc. | Uday A. Bakshi, Ajay V. Bakshi and Kshitteja A. Bakshi. |
| 260 ## - PUBLICATION, DISTRIBUTION, ETC. | |
| Place of publication, distribution, etc. | Pune |
| Name of publisher, distributor, etc. | Technical Publishcation |
| Date of publication, distribution, etc. | 2008 |
| 300 ## - PHYSICAL DESCRIPTION | |
| Extent | 411 p. |
| 505 ## - FORMATTED CONTENTS NOTE | |
| Formatted contents note | Introduction (page-1), Analog indicating instruments (page-40), Bridge circuits (page-184). Digital instruments (page-300), Ossciloscops (page-425), Recording instruments and Waveform generation (525). |
| 600 ## - SUBJECT ADDED ENTRY--PERSONAL NAME | |
| Personal name | Ajay V. Bakshi |
| 650 ## - SUBJECT ADDED ENTRY--TOPICAL TERM | |
| Topical term or geographic name entry element | Instrumentation |
| 700 ## - ADDED ENTRY--PERSONAL NAME | |
| Personal name | Ajay V. Bakshi and Kshitteja A. Bakshi. |
| 942 ## - ADDED ENTRY ELEMENTS (KOHA) | |
| Source of classification or shelving scheme | |
| Koha item type | Book |
| Withdrawn status | Lost status | Source of classification or shelving scheme | Damaged status | Not for loan | Collection code | Permanent Location | Current Location | Date acquired | Total Checkouts | Full call number | Barcode | Date last seen | Price effective from | Koha item type |
|---|---|---|---|---|---|---|---|---|---|---|---|---|---|---|
| Military College of Signals (MCS) | Military College of Signals (MCS) | 12/12/2016 | 621.382 BAK | MCSEB-3408 | 12/08/2016 | 12/12/2016 | Book |
